| 000 | 01992cam a22003731i 4500 | ||
|---|---|---|---|
| 003 | SA-RiAUC | ||
| 005 | 20250617063049.0 | ||
| 008 | 250607s1996 su a f b f000r0 ara c | ||
| 020 | _a9960000834 | ||
| 040 |
_aSA-RiAUC _bara _cSA-RiAUC _erda |
||
| 043 | _aa-su--- | ||
| 050 | 1 | 0 | _bQ24 1996 |
| 082 | 0 | 4 |
_a025.341209531 _bا ر خ _qSA-RiAUC |
| 090 |
_a025.341209531 _b ق ح ط |
||
| 100 | 1 |
_aالقحطاني، راشد بن سعد بن راشد، _d1372 هجري- _eمؤلف. |
|
| 245 | 1 | 0 |
_aخدمات المخطوطات العربية في مكتبات مدينة الرياض / _cتأليف راشد بن سعد بن راشد القحطاني. |
| 250 | _aالطبعة الأولى. | ||
| 264 | 1 |
_aالرياض : _bمكتبة الملك فهد الوطنية، _c1996 |
|
| 300 |
_a293 صفحة : _bإيضاحيات ؛ _c24 سم. |
||
| 336 |
_aنص _btxt _2rdacontent _3كتاب |
||
| 337 |
_aبدون وسيط _bn _2rdamedia |
||
| 338 |
_aمجلد _bnc _2rdacarrier |
||
| 490 | 0 |
_aمطبوعات مكتبة الملك فهد الوطنية ؛ _vالسلسلة الأولى ؛ _v22 |
|
| 500 | _aالأصل أطروحة دكتوراه-جامعة الإمام محمد بن سعود الإسلامية، 1996. | ||
| 500 | _aملاحق : صفحة 245-293. | ||
| 500 | _aتهتم هذه السلسلة بنشر الدراسات والمؤلفات التى تتعلق بتطوير مجال المكتبات والمعلومات في المملكة. | ||
| 504 | _aيشتمل على إرجاعات ببليوجرافية. | ||
| 504 | _aببليوجرافية : صفحة 235-244. | ||
| 520 | 0 | _aيتناول الكتاب المخطوطات الموجودة في مدينة الرياض وطرق حفظها وتاريخها. | |
| 650 | 7 |
_aالمخطوطات العربية _zالسعودية _zالرياض _2aucsh |
|
| 650 | 7 |
_aالخدمة المكتبية _zالسعودية _zالرياض _2aucsh |
|
| 942 |
_2ddc _cBOOK _n0 |
||
| 949 |
_aSA-JeALM _d250607 _umohamedma123 _n1 |
||
| 999 |
_c9061 _d9061 |
||